Lahirkan anak pintar : interaksi positif ibu bapa dengan anak prasekolah
| Main Author: | |
|---|---|
| Format: | Book |
| Published: |
Selangor :
Times Media Private Limited ,
2001
|
| Series: | Panduan keibubapaan bestari Times
|
| Subjects: |
MARC
| LEADER | 00000cam a2200000 7i4500 | ||
|---|---|---|---|
| 001 | 0000014638 | ||
| 005 | 20080304.0 | ||
| 008 | 080304 | ||
| 020 | |a 9812321756 | ||
| 090 | 0 | 0 | |a 649.1 |b ROZ |
| 100 | 0 | |a Rozumah Baharudin | |
| 245 | 1 | 0 | |a Lahirkan anak pintar : |b interaksi positif ibu bapa dengan anak prasekolah |c Rozumah Baharudin |
| 260 | |a Selangor : |b Times Media Private Limited , |c 2001 | ||
| 440 | |a Panduan keibubapaan bestari Times | ||
| 650 | 0 | |a Child rearing | |
| 650 | 0 | |a Parenting | |
| 999 | |a 0001014762 |b Book |c Adult Collection |e Perbadanan Perpustakaan Awam Johor | ||